[Event "6th Tal Memorial"]
[Site "Moscow RUS"]
[Date "2011.11.25"]
[Round "9"]
[White "Nepomniachtchi,I"]
[Black "Aronian,L"]
[Result "1/2-1/2"]
[WhiteElo "2730"]
[BlackElo "2802"]

1.d4 d5 2.c4 e6 3.Nc3 Be7 4.Nf3 Nf6 5.Bf4 O-O 6.e3 Nbd7 7.Qc2 c5 8.Rd1 Qa5
9.Nd2 cxd4 10.exd4 dxc4 11.Nxc4 Qd8 12.Bd3 Nb6 13.O-O Bd7 14.Nxb6 Qxb6 15.d5 Rfd8
16.Qe2 Rac8 17.Bb1 Bb4 18.Be3 Qc7 19.Bd4 Bxc3 20.Bxc3 Nxd5 21.Rxd5 exd5 22.Qd3 f5
23.Qxd5+ Kh8 24.Qf7 Rg8 25.Rd1 Be8 26.Qxc7 Rxc7 27.Bxf5 Bg6 28.Bg4 Re8 29.h4 Kg8
30.Bd7 Re7 31.Ba4 h6 32.f3 Kh7 33.Kf2 a6 34.Rd6 b5 35.Bb3 Bf7 36.Bc2+ Kg8
37.Bf5 Ra7 38.a3 Re8 39.g4 Bc4 40.g5 hxg5 41.hxg5 Rf8 42.Bg4 a5 43.Kg3 Re8
44.Bd7 Rea8 45.Be5 Kf8 46.Bg4 Re7 47.Bd4 Ke8 48.Rg6 Bd3 49.Rb6 Rd8 50.Bc3 Rd5
51.Bh5+ Kd8 52.Kh4 b4 53.axb4 axb4 54.Rxb4 Kc7 55.f4 g6 56.Bf3 Rb5 57.Ra4 Re6
58.Kg3 Bf5 59.Ra7+ Kd8 60.Ra4 Ke8 61.Rd4 Rb8 62.Kf2 Reb6 63.Rd2 Rc8 64.Bd5 Rd6
65.Re2+ Kd7 66.Bb3 Ra6 67.Rd2+ Ke8 68.Ke3 Rb6 69.Ba4+ Kf7 70.Bd7 Bxd7 71.Rxd7+ Ke8
72.Rh7 Rc4 73.Rh6 Re6+ 74.Be5 Rb4 75.Kd3 Kd7 76.Rh7+ Kc6 77.Kc3 Re4 78.Rc7+ Kd5
79.Kd3 R6xe5 80.fxe5 Rxe5 81.Ra7 Ke6 82.Ra6+ Kf5 83.b4 Kxg5 84.Ra5 Kf4 85.Rxe5  1/2-1/2

[Event "6th Tal Memorial"]
[Site "Moscow RUS"]
[Date "2011.11.25"]
[Round "9"]
[White "Gelfand,B"]
[Black "Anand,V"]
[Result "1/2-1/2"]
[WhiteElo "2744"]
[BlackElo "2811"]

1.d4 Nf6 2.c4 e6 3.Nf3 d5 4.Nc3 Be7 5.Bf4 O-O 6.a3 dxc4 7.e4 b5 8.Nxb5 Nxe4
9.Bxc4 Nd6 10.Bd3 Nxb5 11.Bxb5 Bb7 12.O-O Nd7 13.Rc1 Bd6 14.Bg3 Rb8 15.Ne5 Nxe5
16.dxe5 Be7 17.Qxd8 Bxd8 18.Bc4 Be7 19.Rfd1 Rfd8 20.Bf4 Rxd1+ 21.Rxd1 Bc6
22.Rd2 a5 23.Kf1 Kf8 24.Be3 Ke8 25.f4 a4 26.Ba7 Ra8 27.Be3 Rb8 28.Ba7 Ra8
29.Be3  1/2-1/2

[Event "XII Puhajarve Handicap"]
[Site "Puhajarve EST"]
[Date "2011.11.25"]
[Round "20"]
[White "Volodin,Alek"]
[Black "Ehlvest,J"]
[Result "1/2-1/2"]
[WhiteElo "2495"]
[BlackElo "2594"]

1.d4 d5 2.c4 e6 3.Nc3 Be7 4.Bf4 Nf6 5.Nf3 O-O 6.e3 c5 7.dxc5 Bxc5 8.Rc1 Qa5
9.Nd2 Be7 10.Nb3 Qd8 11.cxd5 Nxd5 12.Nxd5 exd5 13.Bd3 Nc6 14.O-O Bf6 15.Nd4 Nxd4
16.exd4 Qb6 17.Qh5 g6 18.Qxd5 Be6  1/2-1/2

[Event "25th Belgrade Trophy"]
[Site "Obrenovac SRB"]
[Date "2011.11.26"]
[Round "3.23"]
[White "Nikcevic,N"]
[Black "Pantovic,D"]
[Result "1/2-1/2"]
[WhiteElo "2412"]
[BlackElo "2133"]

1.Nf3 d5 2.d4 Nf6 3.c4 e6 4.Nc3 Be7 5.Bf4 O-O 6.e3 Nbd7 7.c5 c6 8.b4 b6 9.Qa4 Bb7
10.Rb1 Qc8 11.Qb3 Ba6 12.a3 Bxf1 13.Kxf1 a5 14.h3 axb4 15.axb4 Qa6+ 16.Kg1 Rfe8
17.Kh2 Ne4 18.Nxe4 dxe4 19.Nd2 bxc5 20.dxc5 Nf6 21.Nc4 Nd5 22.Bd6 Bxd6+ 23.Nxd6 Reb8
24.b5 cxb5 25.Nxb5 Qc6 26.Qc4 Nb6 27.Qd4 Na4 28.Nd6 Qxc5 29.Nxe4 Qxd4 30.exd4 Nb2
31.Rhc1 Nd3 32.Rxb8+ Rxb8 33.Rc2  1/2-1/2

[Event "VIII Regina Prol"]
[Site "Santos BRA"]
[Date "2011.11.26"]
[Round "1.4"]
[White "Santiago,Y"]
[Black "Stamenkovic,Dr"]
[Result "1/2-1/2"]
[WhiteElo "2335"]
[BlackElo "2422"]

1.d4 d5 2.c4 e6 3.Nc3 Nf6 4.Nf3 Be7 5.Bf4 O-O 6.e3 Nbd7 7.c5 c6 8.Bd3 b6
9.b4 bxc5 10.bxc5 Qa5 11.Rc1 Ba6 12.O-O Bxd3 13.Qxd3 Nh5 14.Ne5 Nxe5 15.Bxe5 f6
16.Bg3 Nxg3 17.hxg3 f5 18.Ne2 Bg5 19.Qc2 Rab8 20.Rb1 Qa3 21.Rxb8 Rxb8 22.Rb1 Rb4
23.Rxb4 Qxb4 24.Nc1 Qb5 25.Nd3 g6 26.Qb3 Kf8 27.Qxb5 cxb5 28.Kf1 Ke8 29.Ke2 Bd8
30.Kd2 a5 31.Kc3 Bc7 32.a4 b4+ 33.Kc2 Kd7 34.Nc1 g5 35.Nb3 g4 36.Kd3 Kc6
37.Nc1 Bb8 38.Nb3 Bc7 39.Nc1  1/2-1/2

[Event "VIII Regina Prol"]
[Site "Santos BRA"]
[Date "2011.11.27"]
[Round "2.1"]
[White "Barreto Filho,C"]
[Black "Bispo,L"]
[Result "1/2-1/2"]
[WhiteElo "2307"]
[BlackElo "2192"]

1.d4 Nf6 2.c4 e6 3.Nf3 d5 4.Nc3 Be7 5.Bf4 O-O 6.e3 Nbd7 7.Qc2 c5 8.dxc5 Nxc5
9.a3 Bd7 10.cxd5 exd5 11.Be2 Rc8 12.Qd1 Qb6 13.Be5 Nb3 14.Ra2 Be6 15.Nd4 Nd7
16.Qxb3 Qxb3 17.Nxb3 Nxe5 18.Nd4 Bc5 19.Nxe6 fxe6 20.O-O d4 21.exd4 Bxd4
22.Nb5 Bb6 23.b4 Rxf2 24.Rxf2 Rc1+ 25.Bf1 Ng4 26.Nd6 Nxf2 27.Rxf2 Ra1 28.Nxb7 Bd4
29.Nc5 Ra2 30.Ne4 Rxa3 31.Kh1 Bxf2 32.Nxf2 a5 33.bxa5 Rxa5 34.Kg1  1/2-1/2

[Event "TCh-HUN 2011-12"]
[Site "Szombathely HUN"]
[Date "2011.11.27"]
[Round "4"]
[White "Sarosi,Z"]
[Black "Kovacs,Ga4"]
[Result "1/2-1/2"]
[WhiteElo "2297"]
[BlackElo "1913"]

1.d4 d5 2.c4 e6 3.Nf3 Nf6 4.Nc3 Be7 5.Bf4 O-O 6.e3 c6 7.h3 Nbd7 8.Qc2 a6
9.Rd1 Re8 10.a3 h6 11.Bd3 dxc4 12.Bxc4 b5 13.Bd3 Bb7 14.O-O Qb6 15.b4 a5
16.Rb1 axb4 17.axb4 Ra3 18.Rb3 Rea8 19.Rfb1 Qd8 20.e4 Nb6 21.Ne2 Qf8 22.Rxa3 Rxa3
23.Bc7 Nfd7 24.Ne5 Nxe5 25.dxe5 Na4 26.Rd1 Qa8 27.Bd6 Bd8 28.Qd2 Bb6 29.Qc1 Ra2
30.Rd2 Rxd2 31.Qxd2 Qa7 32.Ng3 Bd4 33.Nh5 Nc3 34.Nf6+ Kh8 35.Bf1 Qa1 36.Bc5 Ne2+
37.Qxe2 gxf6 38.Qd2 Bxc5 39.Qxh6+ Kg8 40.exf6 Bf8 41.Qg5+ Kh8  1/2-1/2

[Event "Egyptian Open 2011"]
[Site "Cairo EGY"]
[Date "2011.11.28"]
[Round "9"]
[White "Abdel Razik,K"]
[Black "Eldesoky,H"]
[Result "1-0"]
[WhiteElo "2432"]
[BlackElo "2265"]

1.d4 d5 2.c4 e6 3.Nf3 Nf6 4.Nc3 Be7 5.Bf4 O-O 6.e3 c5 7.Bd3 cxd4 8.exd4 dxc4
9.Bxc4 Nc6 10.O-O b6 11.a3 Bb7 12.Re1 Rc8 13.Ba2 Bd6 14.Be5 a6 15.Qe2 Ne7
16.Ng5 Ned5 17.Nxd5 Nxd5 18.Qg4 Bxe5 19.dxe5 Qc7 20.Qg3 Qe7 21.Ne4 Kh8 22.Rad1 Rcd8
23.Rd4 f5 24.Nd6 Ba8 25.Rc1 g5 26.Bxd5 Bxd5 27.Qc3 Qg7 28.Qc7  1-0

[Event "VIII Regina Prol"]
[Site "Santos BRA"]
[Date "2011.11.29"]
[Round "5.5"]
[White "Stamenkovic,Dr"]
[Black "Marrero Lopez,Yan"]
[Result "1/2-1/2"]
[WhiteElo "2422"]
[BlackElo "2278"]

1.d4 d5 2.c4 e6 3.Nc3 Be7 4.Nf3 Nf6 5.Bf4 O-O 6.e3 Nbd7 7.a3 c5 8.cxd5 Nxd5
9.Nxd5 exd5 10.dxc5 Nxc5 11.Be2 Bf6 12.Be5 Ne6 13.Bxf6 Qxf6 14.Qd2 d4 15.Nxd4 Rd8
16.Rd1 Nxd4 17.exd4 Be6 18.O-O Bb3  1/2-1/2

[Event "VIII Regina Prol"]
[Site "Santos BRA"]
[Date "2011.11.29"]
[Round "6.1"]
[White "Barreto Filho,C"]
[Black "Marrero Lopez,Yan"]
[Result "1/2-1/2"]
[WhiteElo "2307"]
[BlackElo "2278"]

1.d4 d5 2.c4 e6 3.Nf3 Nf6 4.Nc3 Be7 5.Bf4 O-O 6.e3 Nbd7 7.c5 Nh5 8.Bd3 Nxf4
9.exf4 c6 10.b4 b6 11.O-O a5 12.a3 Ba6 13.Qc2 Bxd3 14.Qxd3 b5 15.g3 Qc7 16.Qe2 Ra7
17.f5 Kh8 18.fxe6 fxe6 19.Qxe6 Nxc5 20.dxc5 Rxf3 21.Ne2 Rf8 22.Nf4 Raa8  1/2-1/2

[Event "TCh-CZE Extraliga 2011-12"]
[Site "Czech Republic CZE"]
[Date "2011.12.03"]
[Round "3.1"]
[White "Miton,K"]
[Black "Babula,V"]
[Result "1/2-1/2"]
[WhiteElo "2628"]
[BlackElo "2572"]

1.d4 Nf6 2.c4 e6 3.Nf3 d5 4.Nc3 Be7 5.Bf4 O-O 6.e3 b6 7.cxd5 Nxd5 8.Nxd5 Qxd5
9.Bd3 Qa5+ 10.Ke2 c5 11.Qd2 Qxd2+ 12.Kxd2 Bb7 13.dxc5 Bxc5 14.Ke2 Nd7  1/2-1/2

[Event "XVII Navalmoral Open"]
[Site "Navalmoral de la Mata ESP"]
[Date "2011.12.04"]
[Round "3"]
[White "Sanikidze,T"]
[Black "Garcia Ortega Mendez,J"]
[Result "1-0"]
[WhiteElo "2531"]
[BlackElo "2357"]

1.d4 Nf6 2.c4 e6 3.Nf3 d5 4.Nc3 Be7 5.Bf4 O-O 6.e3 c6 7.Qc2 Nbd7 8.cxd5 exd5
9.Bd3 Re8 10.h3 Nf8 11.O-O-O Ng6 12.Bh2 Bd6 13.g4 Bxh2 14.Rxh2 Qe7 15.Kb1 Bd7
16.Nd2 Qd6 17.Rhh1 Re7 18.g5 Ne8 19.h4 Bg4 20.Rdg1 Bh5 21.Nf1 b5 22.Ng3 Bg4
23.h5 Nf8 24.Bf5 Bf3 25.Rh4 g6 26.hxg6 fxg6 27.Rf4 Bh5 28.Nxh5 gxh5 29.g6 h6
30.Ne2 Ng7 31.Ng3 Rae8 32.Rh4 Qf6 33.Rgh1 Nfe6 34.Bxe6+ Rxe6 35.Nxh5 Nxh5
36.Rxh5 Qxg6 37.Qxg6+ Rxg6 38.Rxh6 Ree6 39.Rh8+ Kf7 40.R1h7+ Kf6 41.Rf8+ Kg5
42.Rxa7 Rgf6 43.Rg7+  1-0

[Event "61st ch-GRE 2011"]
[Site "Chania GRE"]
[Date "2011.12.06"]
[Round "10"]
[White "Pavlidis,Ana"]
[Black "Mastrovasilis,A"]
[Result "0-1"]
[WhiteElo "2352"]
[BlackElo "2530"]

1.Nf3 Nf6 2.d4 e6 3.c4 d5 4.Nc3 Be7 5.Bf4 O-O 6.e3 Nbd7 7.a3 c5 8.cxd5 Nxd5
9.Nxd5 exd5 10.dxc5 Nxc5 11.Be2 Bf6 12.Be5 Bxe5 13.Nxe5 Qd6 14.Nf3 Bg4 15.O-O Bxf3
16.Bxf3 Rad8 17.Rc1 b6 18.b4 Ne6 19.Qa4 Qe7 20.Rfe1 d4 21.exd4 Rxd4 22.Rcd1 Rfd8
23.Rxd4 Rxd4 24.g3 g6 25.Qc6 Kg7 26.h4 Qf6 27.Qc3 Rd6 28.Qxf6+ Kxf6 29.Re3 Nd4
30.Be4 Re6 31.Kg2 Nf5 32.Re2 Nd6 33.Bd3 Rxe2 34.Bxe2 Ke5 35.Kf3 Kd4 36.Kf4 h6
37.g4 Ne4 38.Bf1 Nxf2 39.g5 hxg5+ 40.Kxg5 Ke5 41.Bc4 Ne4+ 42.Kh6 Kf6 43.h5 Nd6
44.hxg6 fxg6 45.Bd3 Nf5+ 46.Kh7 g5 47.Kg8 g4 48.Kf8 g3 49.Be4 Ke5 50.Bh1 Kd6  0-1

[Event "XXXII Crespi Memorial"]
[Site "Milano ITA"]
[Date "2011.12.06"]
[Round "4"]
[White "Malaniuk,V"]
[Black "Vezzosi,P"]
[Result "1-0"]
[WhiteElo "2504"]
[BlackElo "2321"]

1.d4 Nf6 2.c4 e6 3.Nf3 d5 4.Nc3 Be7 5.Bf4 O-O 6.e3 c6 7.a3 dxc4 8.Bxc4 Nd5
9.Bg3 b5 10.Be2 b4 11.axb4 Bxb4 12.Qb3 a5 13.O-O Ba6 14.Bxa6 Rxa6 15.Na4 Nd7
16.Rfc1 Qa8 17.Ne5 Nxe5 18.Bxe5 Rc8 19.e4 Nb6 20.Nc5 Bxc5 21.dxc5 Nd7 22.Bd6 a4
23.Qa3 Nf6 24.Rc4 Qb7 25.Rb4 Qd7 26.Rxa4 Rxa4 27.Qxa4 h6 28.f3  1-0

[Event "Sportaccord WMG Rapid w"]
[Site "Beijing CHN"]
[Date "2011.12.09"]
[Round "1"]
[White "Kosteniuk,A"]
[Black "Zatonskih,A"]
[Result "1-0"]
[WhiteElo "2439"]
[BlackElo "2506"]

1.d4 e6 2.c4 d5 3.Nf3 Nf6 4.Nc3 Be7 5.Bf4 O-O 6.a3 c5 7.dxc5 Bxc5 8.e3 Nc6
9.Qc2 dxc4 10.Bxc4 a6 11.O-O Bd7 12.Ba2 Rc8 13.Rad1 Be7 14.Bb1 b5 15.e4 g6
16.Qd2 Qb6 17.e5 Nh5 18.Be3 Qb8 19.g4 Ng7 20.Ne4 Rfd8 21.Nd6 Be8 22.Bf4 Rc7
23.Qe3 Na5 24.b3 Nb7 25.Ne4 Rcd7 26.Rxd7 Bxd7 27.Nf6+ Kh8 28.Bg3 Ne8 29.Qh6 Bxf6
30.Qf8+  1-0

[Event "13th Metropolitan GM"]
[Site "Los Angeles USA"]
[Date "2011.12.09"]
[Round "4"]
[White "Arnold,Mar"]
[Black "Georgiev,Vl"]
[Result "1/2-1/2"]
[WhiteElo "2504"]
[BlackElo "2553"]

1.d4 Nf6 2.c4 e6 3.Nf3 d5 4.Nc3 Be7 5.Bf4 O-O 6.e3 b6 7.Bd3 c5 8.O-O Bb7
9.cxd5 cxd4 10.Nxd4 Nxd5 11.Qf3 Nd7 12.Nxd5 Bxd5 13.Qh3 Nf6 14.Rfd1 Bd6 15.Qg3 Nh5
16.Qh3 Bxf4 17.exf4 g6 18.Qe3 Rc8 19.g3 Nf6 20.Be2 Rc7 21.a3 Qe7 22.Rac1 Rfc8
23.Nb5 Rxc1 24.Rxc1 Rxc1+ 25.Qxc1 Ne4 26.Qc8+ Kg7 27.f3 Nf6 28.Qc3 a6 29.Qc7 Qxc7
30.Nxc7 a5 31.Kf2 Kf8 32.Nb5 Ke7 33.Ke3 Bc6 34.Nc3 Kd6 35.Kd4 Nd7 36.b4 axb4  1/2-1/2

[Event "Schachbundesliga 2011-12"]
[Site "Bremen GER"]
[Date "2011.12.10"]
[Round "6"]
[White "Richter,Ch"]
[Black "Rau,H"]
[Result "1-0"]
[WhiteElo "2374"]
[BlackElo "2464"]

1.d4 Nf6 2.Nf3 e6 3.c4 d5 4.Nc3 Be7 5.Bf4 O-O 6.e3 b6 7.cxd5 Nxd5 8.Nxd5 Qxd5
9.Bd3 Qa5+ 10.Nd2 Ba6 11.Bxa6 Nxa6 12.O-O c5 13.Qe2 cxd4 14.Nb3 d3 15.Qxd3 Qa4
16.Be5 Rfd8 17.Qe2 Rd5 18.Bc3 Rad8 19.h3 Nc5 20.Nxc5 Bxc5 21.Rfc1 a5 22.Rc2 Qe4
23.Rac1 Rg5 24.Qf1 h6 25.Be1 Rgd5 26.Qe2 Be7 27.Rc4 Qd3 28.Qxd3 Rxd3 29.Kf1 Bf6
30.Ke2 R3d5 31.b3 Kf8 32.Rc7 R8d7 33.R1c6 Rxc7 34.Rxc7 Ke8 35.Bd2 Bd8 36.Rc2 h5
37.e4 Rb5 38.Kd3 Kd7 39.Bf4 g5 40.Be3 f5 41.f3 g4 42.exf5 exf5 43.fxg4 hxg4
44.hxg4 fxg4 45.Rc4 g3 46.Rd4+ Kc8 47.Bf4 Bh4 48.Ke4 Rh5 49.Rd6 Bd8 50.Bxg3 Rc5
51.Rd2 b5 52.Be5 a4 53.g4 Rc1 54.Kf5 Rf1+ 55.Ke6 Rg1 56.Rd4 axb3 57.axb3 Bb6
58.Rf4 Kb7 59.Kf5 Rb1 60.Rf3 Bc5 61.g5 Rg1 62.g6 Bf8 63.Kf6 Kc6 64.Kf7 Bh6
65.Bg7  1-0

[Event "3rd London Chess Classic"]
[Site "London ENG"]
[Date "2011.12.10"]
[Round "7"]
[White "Aronian,L"]
[Black "Anand,V"]
[Result "1/2-1/2"]
[WhiteElo "2802"]
[BlackElo "2811"]

1.d4 Nf6 2.c4 e6 3.Nf3 d5 4.Nc3 Be7 5.Bf4 O-O 6.e3 Nbd7 7.Be2 dxc4 8.O-O c5
9.dxc5 Nxc5 10.Bxc4 a6 11.Nd4 Bd7 12.a3 Rc8 13.Rc1 Nce4 14.Nxe4 Nxe4 15.Bd3 Rxc1
16.Qxc1 Nf6 17.Rd1 Qb6 18.Bc2 Rc8 19.Qb1 h6 20.Nf3 Be8 21.Be5 Bc6 22.Bd4 Qc7
23.Be5 Qb6 24.Bd4 Qc7 25.Be5  1/2-1/2

[Event "3rd London Chess Classic"]
[Site "London ENG"]
[Date "2011.12.12"]
[Round "9"]
[White "Kramnik,V"]
[Black "Aronian,L"]
[Result "1/2-1/2"]
[WhiteElo "2800"]
[BlackElo "2802"]

1.d4 d5 2.c4 e6 3.Nf3 Nf6 4.Nc3 Be7 5.Bf4 O-O 6.e3 Nbd7 7.a3 c5 8.cxd5 Nxd5
9.Nxd5 exd5 10.dxc5 Nxc5 11.Be2 Bf6 12.Be5 Bxe5 13.Nxe5 Re8 14.Nf3 Qb6 15.Rc1 Ne6
16.Qd2 Rd8 17.Nd4 Bd7 18.Nxe6 Bxe6 19.Qd4 Qxd4 20.exd4 Kf8 21.Kd2 Rdc8 22.Rc5 Ke7
23.Rhc1 b6 24.Rxc8 Rxc8 25.Rxc8 Bxc8 26.Bd3 h6 27.Ke3 g5 28.g3 f6 29.Bc2 Bd7
30.Bd3 Bc8 31.Bc2 Bd7 32.Bd3  1/2-1/2

[Event "18th Zadar Open A"]
[Site "Zadar CRO"]
[Date "2011.12.12"]
[Round "3.5"]
[White "Kozul,Z"]
[Black "Brkic,A"]
[Result "1-0"]
[WhiteElo "2577"]
[BlackElo "2605"]

1.d4 d5 2.c4 e6 3.Nf3 Nf6 4.Nc3 Be7 5.Bf4 O-O 6.e3 Nbd7 7.c5 Nh5 8.Bd3 Nxf4
9.exf4 b6 10.b4 a5 11.a3 c6 12.O-O Qc7 13.g3 Ba6 14.Bxa6 Rxa6 15.Qe2 Ra7
16.f5 e5 17.dxe5 bxc5 18.bxc5 Re8 19.Na4 Bf6 20.Nb6 Nxc5 21.Qc2 Be7 22.f6 Qxb6
23.Rab1 Qc7 24.fxe7 Ne6 25.Rfd1 Rxe7 26.Nh4 g6 27.f4 Rb7 28.Rbc1 Qb6+ 29.Kh1 Nd4
30.Qg2 Nb3 31.Rc3 Rbc7 32.g4 d4 33.Nf5 Red7 34.Rh3 Nc5 35.Nd6 Rxd6 36.exd6 Rd7
37.f5 Rxd6 38.Qd2 Ne4 39.Qf4  1-0

[Event "European Rapid 2011"]
[Site "Warsaw POL"]
[Date "2011.12.17"]
[Round "6"]
[White "Nyzhnyk,I"]
[Black "Rawicz,K1"]
[Result "1-0"]
[WhiteElo "2562"]
[BlackElo "2269"]

1.d4 d5 2.c4 e6 3.Nf3 Nf6 4.Nc3 Be7 5.Bf4 O-O 6.a3 Nbd7 7.cxd5 Nxd5 8.Nxd5 exd5
9.g3 c5 10.Bg2 c4 11.O-O Nf6 12.Ne5 Be6 13.b3 c3 14.Qd3 Rc8 15.Rfc1 Qa5 16.b4 Qa4
17.Rxc3 Bxb4 18.Rb3 Ba5 19.Rab1 b6 20.Bd2 Bxd2 21.Qxd2 Ne4 22.Qd3 Rfd8 23.h3 Qa5
24.Rb5 Qc3 25.Bxe4 dxe4 26.Qxc3 Rxc3 27.a4 f6 28.Ng4 Bc4 29.R5b2 Rxd4 30.Ne3 Be6
31.a5 bxa5 32.Rb8+ Kf7 33.R1b7+ Rd7 34.Nd5 Rc1+ 35.Kg2 a4 36.Nf4 a3 37.Rxd7+ Bxd7
38.Rb7 Ke8 39.Rxa7 Ra1 40.Nd5 Kd8 41.Ra8+ Bc8 42.Nb6 Kc7 43.Nxc8 Kb7 44.Ra4 Kxc8
45.Rxe4 Kd7 46.Ra4 Kd6 47.Ra7 a2 48.Kf3 Ke5 49.Ke3 h5 50.h4 Kf5 51.Kf3 Ke5
52.Ra4 Kf5 53.Ra5+ Kg6 54.e3 Kf7 55.Ke4 Ke6 56.Ra6+ Kf7 57.Kf4 Kg6 58.Ra7 Kh6
59.Kf5 Kh7 60.Ra8  1-0

[Event "European Rapid 2011"]
[Site "Warsaw POL"]
[Date "2011.12.18"]
[Round "12"]
[White "Ruck,R1"]
[Black "Nurkiewicz,M"]
[Result "1-0"]
[WhiteElo "2579"]
[BlackElo "2407"]

1.Nf3 Nf6 2.c4 e6 3.Nc3 d5 4.d4 Be7 5.Bf4 c6 6.e3 O-O 7.Rc1 Nbd7 8.h3 Re8
9.Bd3 dxc4 10.Bxc4 b5 11.Bd3 Bb7 12.O-O a6 13.a4 b4 14.Ne4 Nxe4 15.Bxe4 Rc8
16.Qe2 Nf6 17.Bd3 Qa5 18.Nd2 c5 19.dxc5 Bxc5 20.Nb3 Qb6 21.Nxc5 Rxc5 22.Rxc5 Qxc5
23.Bxa6 Bxa6 24.Qxa6 e5 25.Bh2 Qc2 26.Qb5 Qxb2 27.a5 Re7 28.a6 Qa2 29.Bxe5 Ne8
30.Bd4  1-0

[Event "78th ch-BRA"]
[Site "Campinas BRA"]
[Date "2011.12.19"]
[Round "10"]
[White "Mekhitarian,K"]
[Black "Vescovi,G"]
[Result "1-0"]
[WhiteElo "2487"]
[BlackElo "2637"]

1.d4 d5 2.c4 e6 3.Nc3 Be7 4.Nf3 Nf6 5.Bf4 O-O 6.e3 c5 7.dxc5 Bxc5 8.Qc2 Nc6
9.a3 Qa5 10.Rd1 Be7 11.Be2 dxc4 12.Bxc4 Nh5 13.Bd6 Bxd6 14.Rxd6 Nf6 15.Ba2 Ne5
16.Nxe5 Qxe5 17.Qd2 b6 18.f3 Bb7 19.Rd4 Rac8 20.O-O h6 21.Rd1 Qg5 22.e4 Qc5
23.Qf2 Bc6 24.Rd6 Qxf2+ 25.Kxf2 Rc7 26.e5 Nh7 27.Ne2 Rfc8 28.Nd4 Ba4 29.Nxe6 fxe6
30.Bxe6+ Kf8 31.R1d4 Be8 32.Bxc8 Rxc8 33.Rd8 Rc2+ 34.Rd2 Rc7 35.f4 Ke7 36.Ke3 Nf8
37.R8d6 Bd7 38.g4 Rc4 39.h3 h5 40.gxh5 Bxh3 41.h6 gxh6 42.Rh2 Bf5 43.Rh5 Bg4
44.Rhxh6 Rc2 45.Rd2 Rxd2 46.Kxd2 Bf5 47.Rf6 Bh7 48.Ke3 Nd7 49.Rc6 Bf5 50.Kd4 a5
51.b3 Be6 52.Kc3 Bf5 53.Rh6 Be4 54.Kd4 Bc2 55.Kc3 Be4 56.Kd4 Bc2 57.Rh2 Bxb3
58.Rh7+ Ke8 59.f5 b5 60.e6 Nf8 61.Rh6 b4 62.axb4 axb4 63.Ke5 Ke7 64.Rf6  1-0

[Event "XXIII Carlos Torre Magistral"]
[Site "Merida MEX"]
[Date "2011.12.19"]
[Round "6.2"]
[White "Macieja,B"]
[Black "Hernandez Carmenates,Hold"]
[Result "1/2-1/2"]
[WhiteElo "2616"]
[BlackElo "2564"]

1.d4 Nf6 2.c4 e6 3.Nf3 d5 4.Nc3 Be7 5.Bf4 O-O 6.e3 Nbd7 7.cxd5 Nxd5 8.Nxd5 exd5
9.Bd3 Bb4+ 10.Nd2 c5 11.a3 Bxd2+ 12.Qxd2 cxd4 13.exd4 Re8+ 14.Be3 Nb6 15.b3 Qf6
16.Qc2 Qxd4 17.Bxh7+ Kh8 18.O-O Qh4 19.Bf5 d4 20.Bd2 Re5 21.Bxc8 Rxc8 22.Qd3 Nd7
23.Rac1 Rec5 24.Rxc5 Nxc5 25.Qf5 Rc7 26.Bf4 Rc6 27.Qxf7 Qf6 28.Qe8+ Kh7 29.Be5 Qh4
30.Qf7 Rg6 31.Qf5 Nxb3 32.Qd3 Qg5 33.Bg3 Qd5 34.a4 a5 35.Rd1 Nc5 36.Qxd4 Qxd4
37.Rxd4 Rb6 38.Kf1 Rb4 39.Rxb4 axb4 40.Ke2 Nxa4 41.Kd3 b3 42.f3 Kg6 43.Be5 b5
44.Bd4 b4 45.g3 Kh6 46.f4 g5 47.fxg5+ Kxg5 48.h3 Kf5 49.g4+ Kg5 50.Kd2 Kh4
51.Kd3 b2 52.Kc2 Nc3 53.Kxb2 Ne4  1/2-1/2

[Event "20th Aschacher Donau"]
[Site "Aschach AUT"]
[Date "2011.12.27"]
[Round "2"]
[White "Jurek,J"]
[Black "Lang,C"]
[Result "1/2-1/2"]
[WhiteElo "2350"]
[BlackElo "2163"]

1.d4 Nf6 2.c4 e6 3.Nf3 d5 4.Nc3 Be7 5.Bf4 c6 6.e3 O-O 7.Bd3 Nbd7 8.Qc2 dxc4
9.Bxc4 b5 10.Bd3 Bb7 11.O-O a6 12.Rfd1 Qb6 13.Ne5 Rfd8 14.a4 h6 15.Nxd7 Nxd7
16.Qe2 Rac8 17.Ne4 c5 18.dxc5 Nxc5 19.Nxc5 Rxc5 20.axb5 axb5 21.e4 Bf6 22.e5 Qc6
23.f3 Be7 24.Be4 Rxd1+ 25.Rxd1 Qc7 26.h3 Bxe4 27.Qxe4 Rc4 28.Qa8+ Kh7 29.Bg3  1/2-1/2

[Event "ch-AUS 2011-12"]
[Site "North Geelong AUS"]
[Date "2011.12.27"]
[Round "1.15"]
[White "Wallis,C"]
[Black "Zelesco,Karl"]
[Result "1-0"]
[WhiteElo "2268"]
[BlackElo "1976"]

1.d4 d5 2.c4 e6 3.Nc3 Nf6 4.Nf3 Be7 5.Bf4 O-O 6.e3 b6 7.Qc2 Na6 8.Ne5 Bb7
9.cxd5 Nb4 10.Qa4 Nfxd5 11.Bg3 Qe8 12.Bb5 c6 13.Be2 f6 14.Nf3 c5 15.Qb3 Qf7
16.O-O Rfd8 17.dxc5 Bxc5 18.Na4 Bf8 19.e4 Nc7 20.Bxc7 Qxc7 21.Qxe6+ Qf7 22.Qxf7+ Kxf7
23.Bc4+ Kg6 24.Nc3 Rac8 25.Be6 Rc6 26.Bb3 Nd3 27.Bd5 Rc7 28.Rfd1 Nxb2 29.Bf7+ Kxf7
30.Rxd8 Be7 31.Rb8 Ba6 32.Nd5 Rd7 33.Nxe7 Rxe7 34.Ra8 Bd3 35.Nd2 a5 36.f3 f5
37.Rb8 fxe4 38.fxe4 b5 39.a3 a4 40.Nf3 h6 41.Ra2 Nc4 42.Rxb5 Rxe4 43.Rb4 Na5
44.Rd2 Bc4 45.Rxa4 Nb3 46.Rxc4 Rxc4 47.Ne5+ Ke6 48.Nxc4 Nxd2 49.Nxd2 Kd5
50.Kf2 Kd4 51.Kf3 g5 52.a4 h5 53.a5 Kc5 54.Nc4 Kb5 55.Ke4 g4 56.g3 h4 57.gxh4 g3
58.hxg3  1-0

[Event "54th Reggio Emilia"]
[Site "Reggio Emilia ITA"]
[Date "2011.12.27"]
[Round "1"]
[White "Vitiugov,N"]
[Black "Nakamura,Hi"]
[Result "0-1"]
[WhiteElo "2729"]
[BlackElo "2758"]

1.d4 d5 2.c4 e6 3.Nc3 Be7 4.Nf3 Nf6 5.Bf4 O-O 6.e3 Nbd7 7.Be2 c5 8.cxd5 Nxd5
9.Nxd5 exd5 10.O-O c4 11.b3 Nb6 12.bxc4 dxc4 13.Qc2 Be6 14.Rab1 Rc8 15.a4 a5
16.Ng5 Bxg5 17.Bxg5 f6 18.Bh4 c3 19.Bd3 h6 20.Bb5 Nd5 21.Qe4 Qd6 22.Bg3 Qe7
23.Rbc1 Nb4 24.d5 Nxd5 25.Rfd1 Rfd8 26.Rd4 f5 27.Qe5 Qf6 28.Qxf6 gxf6 29.h3 Kf7
30.Bc4 Ke7 31.e4 Nf4 32.Rxd8 Rxc4 33.Bxf4 Kxd8 34.exf5 Bxf5 35.Be3 c2 36.g4 Be4
37.Bb6+ Kd7 38.Bxa5 Rd4  0-1

[Event "28th Travemuender Open"]
[Site "Travemuende GER"]
[Date "2011.12.28"]
[Round "4"]
[White "Sumets,A"]
[Black "Svane,R"]
[Result "1-0"]
[WhiteElo "2569"]
[BlackElo "2363"]

1.d4 d5 2.c4 e6 3.Nf3 Nf6 4.Nc3 Be7 5.Bf4 O-O 6.e3 Nbd7 7.cxd5 Nxd5 8.Nxd5 exd5
9.a3 c5 10.dxc5 Nxc5 11.Be5 Bg4 12.Be2 Bxf3 13.Bxf3 Bf6 14.Bxf6 Qxf6 15.O-O Qxb2
16.Bxd5 Rad8 17.Bxf7+ Kxf7 18.Qh5+ Kg8 19.Qxc5 Rxf2 20.Rxf2 Qxa1+ 21.Rf1 Qa2
22.Qxa7 Qd5 23.Qb6 h6 24.h3 Rc8 25.Qd4 Qxd4 26.exd4 Rc4 27.Rb1 Rxd4 28.Rxb7 Rd1+
29.Kf2 Rd2+ 30.Kf1 Kh7 31.Rb3 Kg6 32.Rg3+ Kf6 33.Ke1 Rd4 34.Ke2 g5 35.Rg4 Rd6
36.a4 Rb6 37.Kd3 Rb1 38.Kc3 h5 39.Rg3 Kf5 40.Rf3+ Ke4 41.Rf2 Ra1 42.Kb3 Kd3
43.Rf5 g4 44.Rxh5 Rb1+ 45.Ka3 Kc3 46.Rc5+ Kd4 47.Rb5 Rg1 48.hxg4 Rxg2 49.a5 Kc4
50.Rb4+ Kc5 51.Rf4 Kb5 52.Rf5+ Kc4 53.g5 Rg3+ 54.Kb2 Rg2+ 55.Kc1 Kc3 56.Kd1 Kd3
57.Ke1 Ke4 58.Kf1 Ra2 59.Rb5 Kf3 60.Ke1 Ke3 61.Kd1 Kd3 62.Rd5+ Ke4 63.Rb5 Kd3
64.Kc1 Kc3 65.Kb1 Rg2 66.a6 Rg1+ 67.Ka2 Rg2+ 68.Ka3 Rg1 69.Rb3+ Kc4 70.Ka4 Rxg5
71.a7 Rg8 72.Rb8 Rg1  1-0

[Event "48th Groningen Open A"]
[Site "Groningen NED"]
[Date "2011.12.29"]
[Round "8.5"]
[White "Ruck,R1"]
[Black "Michalik,P"]
[Result "1-0"]
[WhiteElo "2579"]
[BlackElo "2509"]

1.Nf3 Nf6 2.c4 e6 3.Nc3 d5 4.d4 Be7 5.Bf4 O-O 6.e3 Nbd7 7.c5 c6 8.Bd3 b6
9.b4 a5 10.a3 Ba6 11.O-O Qc8 12.h3 Qb7 13.Rb1 axb4 14.axb4 Ne4 15.Bxa6 Qxa6
16.Nxe4 dxe4 17.Nd2 f5 18.Qb3 Qa2 19.Qxa2 Rxa2 20.Nc4 b5 21.Nb6 Nf6 22.Ra1 Rb2
23.Ra7 Bd8 24.Bd6 Re8 25.Be5 Rxb4 26.Rfa1 Rb3 27.Rb7 Be7 28.Raa7 Bf8 29.Nd7 Be7
30.Nxf6+ gxf6 31.Bd6 Bxd6 32.cxd6  1-0

[Event "TCh-ISR 2011-12"]
[Site "Israel ISR"]
[Date "2011.12.30"]
[Round "3.2"]
[White "Raznikov,D"]
[Black "Zifroni,D"]
[Result "1/2-1/2"]
[WhiteElo "2442"]
[BlackElo "2497"]

1.d4 d5 2.Nf3 Nf6 3.c4 e6 4.Nc3 Be7 5.Bf4 O-O 6.e3 Nbd7 7.c5 Nh5 8.Bd3 Nxf4
9.exf4 b6 10.b4 a5 11.a3 c6 12.O-O Qc7 13.g3 Ba6 14.Bxa6 Rxa6 15.Qe2 Rfa8
16.b5 cxb5 17.Nxd5 exd5 18.Qxe7 R6a7 19.Rab1 bxc5 20.Rxb5 cxd4 21.Rxd5 Nf6
22.Qxc7 Rxc7 23.Rxd4 Rc3 24.Rfd1 h6 25.R1d3 Rxd3 26.Rxd3 Rc8 27.Kg2 Rc2 28.Nd4 Rb2
29.Kf3 a4 30.h3 Nd5 31.Kg2 Nf6 32.Kf3 Nd5 33.Kg2 Nf6 34.Re3 g6 35.Re7 Nd5
36.Re2 Rb1 37.Rc2 Ra1 38.Nb5 Rb1 39.Rc5 Nf6 40.Nd6 Rd1 41.Rc8+ Kg7 42.Rc6 Nd5
43.Nc4 Rc1 44.Ne5 Rxc6 45.Nxc6 f5 46.Kf3 Kf6 47.Na5 Ke6 48.Nc4 Nc3 49.Ke3 Kd5
50.Kd3 Ne4 51.Ne3+ Kd6 52.Nd1 Kc5 53.h4 Kd5 54.Ne3+ Kc5 55.h5 gxh5 56.Nxf5 Nxf2+
57.Ke2 Ng4 58.Ne3 Kd4 59.Nxg4 hxg4 60.Kf2 Ke4 61.Kg2  1/2-1/2

[Event "Donostia KO GpA"]
[Site "San Sebastian ESP"]
[Date "2011.12.30"]
[Round "3"]
[White "Moiseenko,A1"]
[Black "Khamrakulov,I"]
[Result "1-0"]
[WhiteElo "2715"]
[BlackElo "2518"]

1.d4 Nf6 2.c4 e6 3.Nf3 d5 4.Nc3 Be7 5.Bf4 O-O 6.a3 c5 7.dxc5 Bxc5 8.e3 Nc6
9.Qc2 Qe7 10.cxd5 Nxd5 11.Nxd5 exd5 12.Be2 d4 13.b4 Bb6 14.b5 Qf6 15.Rd1 Bf5
16.e4 Bg4 17.Bg5 Qg6 18.bxc6 Bxf3 19.Bxf3 Qxg5 20.cxb7 Rab8 21.e5 Qxe5+ 22.Kf1 Qf6
23.Qd3 Rfe8 24.h4 Re7 25.Rh3 Rbe8 26.g4 Rc7 27.Kg2 Rc3 28.Qb5 Rd8 29.Re1 Kf8
30.Qb4+ Kg8 31.g5 Qf4 32.Qe7 g6 33.h5 gxh5 34.Re4 Qc7 35.Bxh5 Qxe7 36.Rxe7 Rc7
37.Bxf7+ Kg7 38.Rxc7 Bxc7 39.Bc4 Rd7 40.Bd3 Kg8 41.Kf1 Bb8 42.Be4 Re7 43.Bd5+ Kg7
44.Rd3 Re5 45.Rxd4 Rxg5 46.Bc6 Rc5 47.Rd7+ Kf6 48.Rxh7 Bf4 49.Rh8 Rxc6 50.Rf8+ Kg5
51.Rxf4  1-0